000 00381nam a2200157Ia 4500
008 210716s2004 xx 000 0 und d
020 _a8176569283
041 _aeng
082 _a005.761 DATA
100 _aBPB Editorial Board
245 _aData warehousing.
250 _a1
260 _aNew Delhi
_bBPB Publications
_c2004
300 _avii,200
650 _aData Warehousing
999 _c190867
_d190867